000 00294nam a22001337a 4500
008 170204b xxu||||| |||| 00| 0 eng d
020 _a0721674348
041 _aeng
080 _a61
100 _a3
101 _aSHM
245 _aCASES IN HEALTH SERVICES MANAGEMENT
_cRAKICH
942 _2udc
_cBK
999 _c4573
_d4573